00774cam 2200229u 45000010009000000050017000090080041000260350021000679060045000880100017001330400019001500500017001691000059001862400046002452450030002912600038003213000034003597000050003939840008004439910055004510990038005061026044420020429082437.0821124s1954 nyuab 000 0 eng  9(DLC) 54009502 a0bcbccpremunvduencipf19gy-gencatlg a 54009502  aDLCcCarPdDLC00aPZ3.C786bLe1 aCooper, James Fenimore,d1789-1851. [from old catalog]00aLeatherstocking tales. [from old catalog]14aThe Leatherstocking saga: aNew York,bPantheon Booksc[1954] a833 p.billus., maps.c25 cm.1 aNevins, Allan,d1890- [from old catalog]eed. agsl bc-GenCollhPZ3.C786iLep00016942844tCopy 1wPREM acooper-leatherstocking-1072274277